000
00332nam a22001457a 4500
003
OSt
005
20220126155959.0
008
220126b |||||||| |||| 00| 0 eng d
020
_a
0028018176
040
_c
HU
082
_a
621.3
_b
1
100
_a
Hatch John
_9
28765
245
_a
Electronics For Technicians
942
_2
ddc
_c
BOOKS
_n
0
999
_c
28029
_d
28029